| 000 | 00000nas 2200000za 4500 |
| 001 | 9.830984 |
| 003 | CaOODSP |
| 005 | 20221107145642 |
| 007 | cr ||||||||||| |
| 008 | 170120i19121914onc x m#os f0 a0fre|d |
| 040 | |aCaOODSP|bfre |
| 041 | |afre|aeng |
| 043 | |an-cn--- |
| 086 | 1 |aCS98-1911PF-PDF |
| 130 | 0 |aBulletin (Cinquième recensement du Canada) |
| 245 | 10|aBulletin, cinquième recensement du Canada |h[ressource électronique]. |
| 260 | |aOttawa : |bMinistre du Commerce : |bBureau des recencements et statistiques, |c1912-1914. |
| 500 | |aTitre de depart. |
| 500 | |aChaque livr. comporte un titre distinct. |
| 500 | |aEn majeure partie des tableaux. |
| 500 | |aPubl. aussi en anglais sous le titre : Bulletin, fifth census of Canada. |
| 500 | |aPublications du recensement historique numérisé par Statistique Canada. |
| 520 | |aBulletins du Bureau des recencements et statistiques, publié comme préliminaire aux volumes définitifs du cinquième recensement du Canada. |
| 546 | |aTexte du bulletin I et XI en anglais et en français. |
| 692 | 07|2gccst|aRecensement |
| 710 | 1 |aCanada.|bBureau du recensement et de la statistique. |
| 710 | 1 |aCanada. |bMinistère du commerce. |
| 775 | 08|tBulletin, fifth census of Canada |w(CaOODSP)9.830973 |